LEADER 00896nam a2200217 u 4500 001 000000071260 003 CaOOAMICUS 005 20070226122118.0 008 020523q1899 ge af u000 u ger u 035 $a10930817 040 $aPUL(R)$bita 130 0 $aBiblia.$lTedesco.$0(OLS)http://pul/title/4567 245 14$aDie Bibel :$boder Die ganze Heilige Schrift des Alten und Neuen Testaments. 250 $aErste Auflage. 260 $aKonstanz :$b[s.n.],$c1899] 300 $a878, 290, 166 p., [8] c. geogr. :$bill. ;$c31 cm 850 $aPUL 852 $aPUL$W1$xDP1 Antico 800$y27$m529 D 16$j92187$nBK-PRI$b $qStampati Antico$B92187$CPULBib$Z2$F92187 $H $81 941 1 $a15 996 $6245$aDie Bibel :$boder Die ganze Heilige Schrift des Alten und Neuen Testaments$9(OLS)http://pul/title/93837 996 $6260$aKonstanz :$b[s.n.]$9(OLS)http://pul/publisher/73463 LEADER 01503nam a2200349 a 4500 001 000000144647 003 CaOOAMICUS 005 20150707102834.0 008 150707s2015 it u000 u ita r 020 $a978-88-343-2278-9 040 $aPUL$bita 100 1 $aSina, Mario,$d1945-$0(OLS)http://pul/name/1031 245 10$aStudi su John Locke e su altri pensatori cristiani agli albori del secolo dei Lumi /$cMario Sina. 260 $aMilano :$bV&P,$c©2015. 300 $aXII, 778 p. ;$c22 cm 490 1 $aFilosofia. Ricerche 490 1 $aVita e pensiero. Universitą 504 $aBibliografia in nota. 600 14$aLocke, John,$d1632-1704$xFilosofia.$0(OLS)http://pul/subject/23055 830 0$aUniversitą (Vita e Pensiero).$0(OLS)http://pul/title/154439 830 0$aRicerche (Vita e pensiero). $pFilosofia.$0(OLS)http://pul/title/132743 850 $aPUL 852 $aPUL$W1$xDP1 Cons. Gen., Altre Classi 1$y22$m389 B 36$j166978$qStampati$B167567$CPULBib$Z2$F167567 $H126165 $82 941 1 $a8 983 0$aVita e pensiero.$pUniversitą. 983 0$aV & P. Universitą. 983 0$aFilosofia. Ricerche (Vita e Pensiero) 983 0$aV & P. Filosofia. Ricerche. 996 $6020$a978-88-343-2278-9$9(OLS)http://pul/number/158198 996 $6245$aStudi su John Locke e su altri pensatori cristiani agli albori del secolo dei Lumi$9(OLS)http://pul/title/182977 996 $6260$aMilano :$bV&P$9(OLS)http://pul/publisher/78336